00675 a2200157 45000010006000000050017000060080041000230030015000640400040000790800055001192450031001742640036002053000019002415050236002601000021004965959720260407155850.0260407a1978 arg spa dAR-UNSa-BCEJYS aAR-UNSa-BCEJYSbspacAR-UNSa-BCEJYS a330.32xNueva formación de capital (Inversión)10aTeoría de la inversión 1aBuenos Aires :bEl Ateneoc1978 a154 p.c18 cm. a1. Conceptos fundamentales - 2. Teoría general del cálculo de economicidad - 3. Aplicación del cálculo de economicidad en algunos problemas prácticos importantes - 4. Dificultades y límites del cálculo de economicidad1 aSchneider, Erich